関西学生野球連盟出身の現役選手(2026) - Statistics

General Stats
  • This quiz has been taken 7 times
  • The average score is 14 of 19
Answer Stats
大学名 現所属 ポジション 選手名 % Correct
近畿 阪神 内野手 佐藤輝明
100%
立命館 阪神 捕手 榮枝裕貴
83%
立命館 DeNA 投手 東克樹
83%
立命館 DeNA 投手 坂本裕哉
83%
立命館 楽天 外野手 辰己涼介
83%
近畿 広島 内野手 勝田成
83%
近畿* 楽天 内野手 小深田大翔
83%
同志社* 巨人 捕手 小林誠司
83%
関西学院 日本ハム 投手 宮西尚生
83%
関西学院* 阪神 外野手 近本光司
83%
関西学院 広島 投手 黒原拓未
83%
関西 中日 投手 金丸夢斗
83%
立命館* ロッテ 内野手 宮崎竜成
67%
関西* 広島 投手 森翔平
67%
近畿 楽天 外野手 阪上翔也
50%
関西 オリックス 内野手 野口智哉
50%
関西 ロッテ 投手 高野脩汰
50%
近畿 阪神 投手 畠世周
33%
同志社* オリックス 投手 東山玲士
33%
No matching quizzes found
Score Distribution
Percent of People with Each Score
Percentile by Number Answered
Your Score History
You have not taken this quiz